000 00287nam a22001337a 4500
008 180205b xxu||||| |||| 00| 0 eng d
020 _a086720012-X
041 _aeng
080 _a573
100 _a11
101 _aBIO
245 _aMolecular biology
_cFreifelder,D
942 _2udc
_cBK
999 _c41835
_d41835